000
00325nam a22001457a 4500
008
221028b ||||| |||| 00| 0 eng d
020
_a
9780781770644
041
_a
eng
080
_2
5EDITION
_a
610.73
082
_a
610.73 JUA
100
_a
8
101
_a
INF
245
_a
NURSING CARE PLANS
_c
JUALL L
942
_2
udc
_c
BK
999
_c
58687
_d
58687